Analytical chemistry handbook

Detaylı Bibliyografya
Yazar: Dean J. A. John A.
Dil:İngilizce
Baskı/Yayın Bilgisi: USA, McGraw-Hill, 1995
Konular:
Materyal Türü: Kitap
KOHA link:https://koha.lib.tpu.ru/cgi-bin/koha/opac-detail.pl?biblionumber=13973

MARC

LEADER 00000nam0a2200000 4500
001 13973
005 20231101204924.0
010 |a 0070161976 
035 |a (RuTPU)RU\TPU\book\14061 
035 |a BOOK00000047 
090 |a 13973 
100 |a 20011209d1995 k y0engy50 ba 
101 0 |a eng 
102 |a US 
105 |a a g 000zy 
200 1 |a Analytical chemistry handbook  |f J. A. Dean 
210 |a USA  |c McGraw-Hill  |d 1995 
606 1 |a Аналитическая химия  |2 stltpush  |3 (RuTPU)RU\TPU\subj\67454  |9 83247 
610 1 |a справочники 
610 1 |a английский язык 
675 |a 543(03)  |v 3 
700 1 |a Dean  |b J. A.  |g John A. 
801 0 |a RU  |b 63413507  |c 20011209  |g PSBO 
801 2 |a RU  |b 63413507  |c 20141119  |g PSBO 
942 |c BK